000 00281nam a2200121Ia 4500
008 220120s9999||||xx |||||||||||||| ||und||
020 _a978-0-14-240938-1
082 _a005.1 CIL
100 _aCilovks, Tondo, L
_911459
245 0 _aC answar book
260 _bU.S.A
300 _b0
999 _c136401
_d136401